| 000 | 01144nam a22001577a 4500 | ||
|---|---|---|---|
| 999 |
_c519332 _d519332 |
||
| 008 | 220225b ||||| |||| 00| 0 eng d | ||
| 100 |
_aBenito, Bernardino et al _932282 |
||
| 245 | _aImpact of politicians’ salaries and their dedication regime on the efficiency of municipal public services | ||
| 260 | _aLocal Government Studies | ||
| 300 | _a47(5), Oct, 2021: p.784-807 | ||
| 520 | _aCases of corruption, the financial and economic crisis, and citizens’ growing interest in public affairs have contributed to the political changes that have taken place in Spain in recent years. In this scenario, in which new political actors appear, this research analyses whether politicians’ remuneration, their dedication regime and several socio-political and economic variables have an impact on the efficiency of the main municipal services. The results indicate the key role of remuneration and the dedication of politicians in efficiency. – Reproduced | ||
| 650 |
_aPublication salaries, Local government, Efficiency, Municipal service. _930210 |
||
| 773 | _aLocal Government Studies | ||
| 906 | _aLOCAL GOVERNMENTS | ||
| 942 | _cAR | ||